The Cousins/ (Record no. 197854)

MARC details
000 -LEADER
fixed length control field 00483nam a2200181 4500
005 - DATE AND TIME OF LATEST TRANSACTION
control field 20230911104454.0
010 ## - LCCN (DPL NO)
LC control number ENG-137987
020 ## - INTERNATIONAL STANDARD BOOK NUMBER
Terms of availability 325.00
International Standard Book Number 9788189884604
035 ## - SYSTEM CONTROL NUMBER
System control number EN-121519
037 ## - SOURCE OF ACQUISITION
Source of stock number/acquisition DBAD/PUB
082 ## - DEWEY DECIMAL CLASSIFICATION NUMBER
Classification number N
100 ## - MAIN ENTRY--PERSONAL NAME
Personal name Raghunath, Prema
245 ## - TITLE STATEMENT
Title The Cousins/
Statement of responsibility, etc By Prema Raghunath
Medium English
260 ## - PUBLICATION, DISTRIBUTION, ETC. (IMPRINT)
Place of publication, distribution, etc New Delhi
Name of publisher, distributor, etc Zubaan
Date of publication, distribution, etc 2011
270 ## - ADDRESS
City New Delhi
Address 128 B Shahpur Jar, 1st Floor
300 ## - PHYSICAL DESCRIPTION
Extent 209p.
Dimensions 20cm(pbk)
942 ## - ADDED ENTRY ELEMENTS (KOHA)
Source of classification or shelving scheme Dewey Decimal Classification
Item type English Books
Classification part N
Call number suffix RAG
Holdings
Withdrawn status Lost status Not for loan Collection code Home library Current library Date acquired Source of acquisition Cost, normal purchase price Full call number Barcode Copy number Cost, replacement price Koha item type
      Fiction Central Jail Tihar Central Jail Tihar 05/09/2023 DBAD/PUB 325.00 N RAG EN-121519 1 325.00 English Books

© Delhi Public Library
Hit Counter
free hit counter